000 00552nam a2200193 a 4500
001 4905
005 20180713184750.0
008 140415s1989 000 0 spa d
041 _aspa
082 _a980
_bMAC
100 1 _aMACAULAY, NEIL
245 1 3 _aEL NACIMIENTO DE LOS PAISES LATINOAMERICANOS
260 _a[s.l.] :
_bNEREA,
_c1989
300 _a308
500 _aBIBLIOGRAFIA : p. 309-319
650 1 4 _aAMERICA LATINA
_xHISTORIA
_xHASTA 1830
700 1 _aGOMEZ BORRERO, JOSE CARLOS
_etr.
700 1 _aUSHNELL, DAVID
_ecoaut.
999 _c4905
_d4905